000 00616nas a2200241 4500
001 BR2012000838
003 BR-BrBNA
005 20231205120122.0
007 ta
008 230509b bl.|||p| |||| 00| 00por d
040 _aBR-BrBNA
_bpor
_cBiblioteca Nacional de Agricultura
072 _aF30
100 1 _aPaiva, L.V.
100 1 _aUniversidade Federal de Lavras, Barduche, D.
650 _aÁCIDO NUCLÉICO
650 _aDNA
650 _aRNA
650 _aPROTEÍNA
650 _aELETROFORESE
773 0 _t
_xISSN
_g
_wBR2012000838
909 _a202311
_bLúcia
_c55
_dLúcia Elande
942 _2AGRIS
_n0
_cANA
999 _c217112
_d217112